000 00947nam a22002535i 4500
001 163960
003 ES-MaACL
005 20250822235201.0
008 981002s1895 ag a |||| | spa d
040 _aCCPB | B
_bspa
_cCCPB | B
100 1 _aRosa, Alejandro.
_9132057
245 1 0 _aAclamaciones de los monarcas católicos en el Nuevo Mundo /
_cpor Alejandro Rosa ; con un preliminar histórico por el D\pr\s. Angel Justiniano Carranza.
260 _aBuenos Aires :
_b[s.n.],
_c1895 (
_fImprenta Martín Biedma)
300 _aXXVII, 428 p., [26] h. de lám. ;
_c37 cm.
490 1 _aEstudios Numismáticos
500 1 _aEn cub.: Juras Reales.
597 1 _aAntep. y colofón.
650 7 _aNumismática
_2embne
_915648
700 1 1 _aCarranza, Angel Justiniano.
_9126349
752 _aArgentina -
_dBuenos Aires
830 0 _aEstudios Numismáticos
_9222319
852 _aES-MaACL
_jG-5394
_z-- Enc. tela
999 _c163960
_d163960